[Event "Portugalete Bizkaia-ch U16"]
[Site "Portugalete"]
[Date "2018.12.28"]
[Round "2.5"]
[White "Reguillaga Elias, Manex"]
[Black "Gonzalez Rodriguez, Aitor"]
[Result "1/2-1/2"]
[WhiteElo "1958"]
[BlackElo "1661"]
[PlyCount "122"]
[EventDate "2018.12.27"]
[EventType "swiss"]
[EventRounds "5"]
[EventCountry "ESP"]
[SourceTitle "EXT 2024"]
[Source "ChessBase"]
[SourceDate "2023.10.10"]
[SourceVersion "1"]
[SourceVersionDate "2023.10.10"]
[SourceQuality "1"]

1. d4 d5 2. c4 e6 3. Nc3 Nf6 4. Bg5 Be7 5. e3 0-0 6. Nf3 Nbd7 7. cxd5 Nxd5 8. Bxe7 Qxe7 9. Bd3 N7f6 10. 0-0 Bd7 11. Rc1 Rac8 12. Bb1 Bc6 13. Ne5 Bd7 14. e4 Nf4 15. Nxd7 Nxd7 16. Qf3 e5 17. Rfd1 Qg5 18. Ne2 Nxe2+ 19. Qxe2 exd4 20. Rc2 c5 21. Qb5 Nb6 22. Rxd4 Qe5 23. Rd1 Rfe8 24. Rcd2 g6 25. a4 c4 26. Qxe5 Rxe5 27. Rd8+ Rxd8 28. Rxd8+ Kg7 29. Bc2 Ra5 30. b3 cxb3 31. Bxb3 Nxa4 32. f4 Nc5 33. Bd5 Ra4 34. Re8 Ra6 35. Re7 Rf6 36. g3 b5 37. Rxa7 b4 38. Rc7 Na6 39. Rb7 h6 40. e5 Rf5 41. Be6 Nc5 42. Bxf5 Nxb7 43. Bb1 Kf8 44. Kf2 Ke7 45. Ke3 Na5 46. Kd3 Nb3 47. Bc2 Na5 48. Kd4 f5 49. Kc5 b3 50. Bd3 b2 51. Kb4 Nc6+ 52. Ka3 h5 53. Kxb2 Nd4 54. Kc3 Nf3 55. h3 h4 56. g4 fxg4 57. hxg4 g5 58. Be4 Nh2 59. fxg5 Nxg4 60. Kd4 Ke6 61. g6 Nxe5 1/2-1/2

[Event "Portugalete Bizkaia-ch U16"]
[Site "Portugalete"]
[Date "2018.12.27"]
[Round "1.3"]
[White "Gonzalez Rodriguez, Aitor"]
[Black "Singh Ahumada, Karan"]
[Result "1-0"]
[WhiteElo "1661"]
[BlackElo "1783"]
[PlyCount "31"]
[EventDate "2018.12.27"]
[EventType "swiss"]
[EventRounds "5"]
[EventCountry "ESP"]
[SourceTitle "EXT 2024"]
[Source "ChessBase"]
[SourceDate "2023.10.10"]
[SourceVersion "1"]
[SourceVersionDate "2023.10.10"]
[SourceQuality "1"]

1. e4 c5 2. Nf3 e6 3. Nc3 a6 4. d4 cxd4 5. Nxd4 Qc7 6. Be2 Bb4 7. Qd3 Nf6 8. 0-0 Bxc3 9. bxc3 0-0 10. Bg5 Qe5 11. Bxf6 Qxf6 12. f4 d5 13. e5 Qe7 14. Rf3 Nd7 15. Rh3 Nc5 16. Qxh7# 1-0